| 000 | 00589nam a22002177a 4500 | ||
|---|---|---|---|
| 003 | DO-SdBNP | ||
| 005 | 20171124151727.0 | ||
| 008 | 171124b 1973 mx b||| 00| 0 spa d | ||
| 020 | _a970050168X | ||
| 040 |
_aBPMSU _bspa _cBPMSU |
||
| 082 |
_axxxxx _bxxxxx |
||
| 100 | 1 | _aBrom, Juan | |
| 245 | 1 |
_aEsboso de historia universal / _cJuan Brom |
|
| 250 | _a17a ed. | ||
| 260 |
_aMéxico : _bGrijalbo, _c1973. |
||
| 300 |
_a276 p. ; _c21 cm. |
||
| 504 | _aBibliografĂa : p 265-276 | ||
| 942 |
_2ddc _cBK |
||
| 945 | _aInventariado extranjero / 2017 BT | ||
| 956 |
_aBTAVAREZ _b10 _c20171124 _d0038 |
||
| 999 |
_c13103 _d13103 |
||